Calcul mental instantané #6 - Statistiques

Statistiques générales
  • Ce quiz a été pris 3 229 fois
    3 196 depuis la dernière actualisation
  • Le résultat moyen est 4 sur 10
Statistiques - réponses
# Opérations Réponses % Correct
1 La moitié de six ? 3
100%
2 C'est un début! Multipliez par le nombre de dalmatiens. 303
92%
3 Vous aimez Disney...! Otez le double d'un sixième. 202
38%
4 Bravo! Retirez deux. 200
37%
5 C'était facile! Au fait, "L" en chiffre romain, c'est ? 50
35%
6 Maintenant, divisez le rang 4 par le rang 5. 4
32%
7 Ca progresse! Retirez 36 neuvièmes. 0
31%
8 Multipliez par 376589301 0
31%
9 Vous voyez que vous en étiez capable!! Additionnez toutes les réponses précédentes. 762
25%
10 Et enfin, additionnez tous les chiffres arabes présents dans ce tableau ; les chiffres écrits en chiffre!! C'est-à-dire : Définition Le Robert du mot Chiffre : "Chacun des caractères qui représentent les nombres. Chiffres arabes (1, 2, 3, 4, 5, 6, 7, 8, 9, 0) (...)". Puis applaudissez-vous... (Au fait, le tableau a 3 colonnes non...? D'ailleurs, pour ce calcul, il est très important de prendre en compte le fait qu'il est indispensable de comprendre qu'actuellement vous êtes tout simplement (à moins d'une erreur de ma part), que vous êtes tout simplement en train de perdre du temps à lire ce paragraphe totalement inutile... Alors dépêchez-vous, le temps passe! 193
1%
Aucun quiz correspondant
Distribution des résultats
% des personnes avec chaque résultat
Percentile par nombre de réponses
Votre historique - résultats
Vous n’avez pas pris ce quiz depuis la dernière actualisation